| 000 | 00596nam a22001937a 4500 | ||
|---|---|---|---|
| 999 |
_c61765 _d61765 |
||
| 005 | 20240430113118.0 | ||
| 008 | 240430s2003 enk||||| |||| 00| 0 eng d | ||
| 020 | _a9780198525806x | ||
| 041 | _aeng | ||
| 080 | _a615.5 M-14 | ||
| 100 |
_aMacKie, Rona M. _921996 |
||
| 245 |
_aClinical Dermatology / _cRona M. MacKie. |
||
| 250 | _a5th Edition | ||
| 264 |
_aOxford : _bOxford University Press, _c2003. |
||
| 300 |
_a371 p.: _bill.; _c26 cm. |
||
| 653 | _aკლინიკური დერმატოლოგია | ||
| 653 | _aმედიცინა | ||
| 942 |
_2udc _cᲬᲘᲒᲜᲘ |
||